000 00553nam a2200181Ia 4500
003 GCL
008 140319s9999 xx 000 0 ara d
040 _aGCL /
_cGCL
082 0 4 _a157.7
_bع ش
100 1 _aمحمد عبدالظاهر الطيب
245 1 0 _aالشخصية بين السواء والمرض /
_cمحمد عبدالظاهر الطيب
700 1 _aعزيز حنا داود
700 1 _aناظم هاشم العبيدى
490 _a
650 0 4 _aالشخصية
650 0 4 _aالسلوك الاجتماعى
942 _2ddc
_cBK
999 _c39562
_d39562